[Event "Titled Tuesday intern op 13th Aug Late"]
[Site "Chess.com INT"]
[Date "2024.08.13"]
[Round "7"]
[White "Rego, Pedro Filipe"]
[Black "Liascovich, Lucas"]
[Result "0-1"]
[WhiteElo "2339"]
[BlackElo "2419"]
[PlyCount "96"]
[EventDate "2024.08.13"]
[EventType "swiss (blitz)"]
[EventRounds "11"]
[EventCountry "USA"]
[SourceTitle "EXT 2025"]
[Source "ChessBase"]
[SourceDate "2024.10.14"]
[SourceVersion "1"]
[SourceVersionDate "2024.10.14"]
[SourceQuality "1"]

1. e4 e5 2. Nf3 Nc6 3. Nc3 g6 4. g3 Bg7 5. Bg2 d6 6. 0-0 Nge7 7. h3 0-0 8. d3 h6 9. Nd5 Nxd5 10. exd5 Ne7 11. Nd2 f5 12. Nc4 f4 13. c3 g5 14. d4 exd4 15. cxd4 Nf5 16. Nd2 Nxd4 17. Re1 c5 18. Ne4 Bf5 19. g4 f3 20. gxf5 fxg2 21. Be3 Qd7 22. f6 Qxh3 23. Ng3 Nf5 24. Qh5 Qxh5 25. Nxh5 Bxf6 26. Nxf6+ Rxf6 27. Kxg2 Raf8 28. Re2 Kg7 29. Bd2 Nd4 30. Re7+ R8f7 31. Rxf7+ Kxf7 32. Bc3 Rf5 33. Bxd4 cxd4 34. Rc1 Rxd5 35. Rc7+ Kf6 36. Kf1 d3 37. Ke1 Rb5 38. b3 h5 39. Kd2 g4 40. Rh7 Kg6 41. Rh8 Kg7 42. Rd8 h4 43. Rxd6 h3 44. Re6 Rf5 45. Re1 Rxf2+ 46. Kxd3 h2 47. Ke3 g3 48. Rh1 Rxa2 0-1

[Event "Titled Tuesday intern op 06th Aug Late"]
[Site "Chess.com INT"]
[Date "2024.08.06"]
[Round "7"]
[White "Antoniou, Rafail"]
[Black "Liascovich, Lucas"]
[Result "0-1"]
[WhiteElo "2007"]
[BlackElo "2419"]
[PlyCount "48"]
[EventDate "2024.08.06"]
[EventType "swiss (blitz)"]
[EventRounds "11"]
[EventCountry "USA"]
[SourceTitle "EXT 2025"]
[Source "ChessBase"]
[SourceDate "2024.10.14"]
[SourceVersion "1"]
[SourceVersionDate "2024.10.14"]
[SourceQuality "1"]

1. e4 e5 2. Nf3 Nc6 3. Bc4 Bc5 4. d4 Bxd4 5. Nxd4 Nxd4 6. Qh5 Qe7 7. Bxf7+ Qxf7 8. Qxe5+ Ne6 9. Nc3 d6 10. Qa5 Nf6 11. f3 0-0 12. Be3 b6 13. Qa3 Bb7 14. 0-0-0 Nc5 15. Rhe1 a5 16. Nb5 Rfe8 17. Nd4 d5 18. exd5 Nxd5 19. Bf2 Rxe1 20. Rxe1 Re8 21. b3 Rxe1+ 22. Bxe1 Qf4+ 23. Bd2 Qxd4 24. Qb2 Qg1+ 0-1

[Event "Titled Tuesday intern op 06th Aug Late"]
[Site "Chess.com INT"]
[Date "2024.08.06"]
[Round "2"]
[White "Balazs, Gabor1"]
[Black "Liascovich, Lucas"]
[Result "0-1"]
[WhiteElo "2369"]
[BlackElo "2419"]
[PlyCount "82"]
[EventDate "2024.08.06"]
[EventType "swiss (blitz)"]
[EventRounds "11"]
[EventCountry "USA"]
[SourceTitle "EXT 2025"]
[Source "ChessBase"]
[SourceDate "2024.10.14"]
[SourceVersion "1"]
[SourceVersionDate "2024.10.14"]
[SourceQuality "1"]

1. d4 d5 2. c4 dxc4 3. e4 Nc6 4. d5 Ne5 5. Bf4 Ng6 6. Be3 Nf6 7. Nc3 e5 8. Bxc4 Bd6 9. h3 0-0 10. Nf3 a6 11. Rc1 Nh5 12. Ne2 Re8 13. Bd3 h6 14. Qc2 Qf6 15. Nd2 Nhf4 16. Bxf4 exf4 17. Nf3 Ne5 18. Nxe5 Bxe5 19. Ng1 Bxb2 20. Rb1 Bc3+ 21. Kf1 b5 22. Nf3 b4 23. Qb3 a5 24. Qc2 Ba6 25. Bxa6 Qxa6+ 26. Kg1 Qc4 27. Re1 f5 28. e5 Qxd5 29. Rd1 Qe4 30. Qb3+ Kh7 31. Kh2 Re7 32. e6 Qxe6 33. Qxe6 Rxe6 34. Rd7 Rc6 35. Rhd1 Re8 36. Rf7 Rd6 37. Rxd6 cxd6 38. Ra7 d5 39. Nh4 Re2 40. Nxf5 Rxf2 41. Rxg7+ Bxg7 0-1

[Event "Titled Tuesday intern op 06th Aug Late"]
[Site "Chess.com INT"]
[Date "2024.08.06"]
[Round "3"]
[White "Liascovich, Lucas"]
[Black "Ladan, Nicholas John"]
[Result "0-1"]
[WhiteElo "2419"]
[BlackElo "2189"]
[PlyCount "154"]
[EventDate "2024.08.06"]
[EventType "swiss (blitz)"]
[EventRounds "11"]
[EventCountry "USA"]
[SourceTitle "EXT 2025"]
[Source "ChessBase"]
[SourceDate "2024.10.14"]
[SourceVersion "1"]
[SourceVersionDate "2024.10.14"]
[SourceQuality "1"]

1. e4 e5 2. Nf3 Nc6 3. Nc3 Nf6 4. d4 exd4 5. Nxd4 Bb4 6. Nxc6 bxc6 7. Bd3 0-0 8. 0-0 Re8 9. Bd2 Bd6 10. f4 Bc5+ 11. Kh1 d6 12. h3 Ng4 13. Qe1 Nf6 14. Qg3 Nh5 15. Qf3 g6 16. g4 Ng7 17. f5 Rf8 18. Rae1 Bd4 19. Ne2 Be5 20. Bc3 Rb8 21. Bxe5 dxe5 22. b3 Qh4 23. Kg2 c5 24. Bc4 g5 25. Qg3 Qxg3+ 26. Nxg3 Ne8 27. Nh5 Nd6 28. Bd3 f6 29. c4 Bd7 30. Rd1 Be8 31. Ng3 a5 32. Bc2 a4 33. Rd5 axb3 34. axb3 Nb7 35. Ra1 Bc6 36. Rd2 Nd6 37. Kf3 Ra8 38. Rdd1 Kf7 39. Ke3 h6 40. Kd3 Rxa1 41. Rxa1 Ra8 42. Rxa8 Bxa8 43. Ke3 Ke7 44. Ne2 Bc6 45. Nc1 Nb7 46. Ne2 Na5 47. Ng1 Bb7 48. Nf3 Nc6 49. Bd1 Nd4 50. Nd2 Bc6 51. Nb1 Kd6 52. Nc3 Kd7 53. Na2 Kc8 54. b4 cxb4 55. Nxb4 Bb7 56. Nd3 Kd8 57. Nc5 Bc8 58. Ba4 Ke7 59. Nd3 Kd6 60. c5+ Ke7 61. Nb4 Bb7 62. Nd5+ Bxd5 63. exd5 Kd8 64. Kd3 Nf3 65. Ke3 Ng1 66. Ke4 Nxh3 67. d6 cxd6 68. cxd6 Nf4 69. Bb5 h5 70. gxh5 Nxh5 71. Kd5 Ng7 72. Ba4 Nxf5 73. Ke6 Nxd6 74. Kxd6 e4 75. Ke6 e3 76. Bb5 g4 77. Kf5 g3 0-1

[Event "Titled Tuesday intern op 23rd Jul Late"]
[Site "Chess.com INT"]
[Date "2024.07.23"]
[Round "7"]
[White "Ambartsumian, Tyhran"]
[Black "Liascovich, Lucas"]
[Result "0-1"]
[WhiteElo "2156"]
[BlackElo "2419"]
[PlyCount "94"]
[EventDate "2024.07.23"]
[EventType "swiss (blitz)"]
[EventRounds "11"]
[EventCountry "USA"]
[SourceTitle "EXT 2025"]
[Source "ChessBase"]
[SourceDate "2024.10.14"]
[SourceVersion "1"]
[SourceVersionDate "2024.10.14"]
[SourceQuality "1"]

1. e4 e5 2. Nf3 Nc6 3. d4 exd4 4. Nxd4 Bb4+ 5. c3 Bc5 6. Be3 Bb6 7. Nf5 Bxe3 8. Nxe3 Nge7 9. c4 0-0 10. Nc3 d6 11. Qd2 f5 12. exf5 Nxf5 13. Nxf5 Bxf5 14. Be2 Qd7 15. 0-0-0 Nb4 16. a3 Na6 17. b4 Kh8 18. Kb2 Nb8 19. Rhg1 Nc6 20. g4 Be6 21. f4 Bg8 22. h4 a5 23. b5 Ne7 24. f5 Nc8 25. Na4 c6 26. h5 cxb5 27. cxb5 Qf7 28. Qc3 Qa2+ 29. Kc1 Qxe2 30. Rge1 Qh2 31. Rd2 Qf4 32. h6 Qxh6 33. Kb2 Qf6 34. Qxf6 gxf6 35. Rc1 d5 36. Rc7 Nd6 37. Nb6 Nxb5 38. Re7 Rae8 39. Rxb7 Rb8 40. Rxb8 Rxb8 41. Nd7 Rb7 42. Nxf6 Nd6+ 43. Kc1 Nc4 44. Re2 Kg7 45. Nh5+ Kf8 46. Nf4 d4 47. Re4 Rd7 0-1

[Event "Titled Tuesday intern op 23rd Jul Late"]
[Site "Chess.com INT"]
[Date "2024.07.23"]
[Round "5"]
[White "Liascovich, Lucas"]
[Black "Aravindh, Chithambaram VR"]
[Result "1-0"]
[WhiteElo "2419"]
[BlackElo "2703"]
[PlyCount "67"]
[EventDate "2024.07.23"]
[EventType "swiss (blitz)"]
[EventRounds "11"]
[EventCountry "USA"]
[SourceTitle "EXT 2025"]
[Source "ChessBase"]
[SourceDate "2024.10.14"]
[SourceVersion "1"]
[SourceVersionDate "2024.10.14"]
[SourceQuality "1"]

1. d4 g6 2. Nf3 Bg7 3. g3 Nf6 4. Bg2 d6 5. 0-0 Bd7 6. b3 Qc8 7. h4 Bh3 8. Bb2 0-0 9. Re1 Bxg2 10. Kxg2 Nc6 11. Nbd2 e5 12. dxe5 Ng4 13. e4 dxe5 14. Qe2 f5 15. Ng5 h6 16. exf5 Qxf5 17. Nge4 Nd4 18. Bxd4 exd4 19. Rad1 Rae8 20. Rf1 Kh8 21. Rde1 b5 22. a4 bxa4 23. bxa4 Ne5 24. f3 Rd8 25. Nc4 Nd7 26. Qd3 Qd5 27. Re2 Rb8 28. Rfe1 Rb4 29. Ned2 Nc5 30. Qxg6 Rxc4 31. Re7 Ne6 32. R1xe6 Rg8 33. Qxh6+ Bxh6 34. Rxh6# 1-0

[Event "Titled Tuesday intern op 23rd Jul Late"]
[Site "Chess.com INT"]
[Date "2024.07.23"]
[Round "6"]
[White "Liascovich, Lucas"]
[Black "Deac, Bogdan Daniel"]
[Result "0-1"]
[WhiteElo "2419"]
[BlackElo "2683"]
[PlyCount "42"]
[EventDate "2024.07.23"]
[EventType "swiss (blitz)"]
[EventRounds "11"]
[EventCountry "USA"]
[SourceTitle "EXT 2025"]
[Source "ChessBase"]
[SourceDate "2024.10.14"]
[SourceVersion "1"]
[SourceVersionDate "2024.10.14"]
[SourceQuality "1"]

1. e4 c5 2. Nc3 e6 3. g3 d5 4. exd5 exd5 5. Bg2 d4 6. Nd5 Nc6 7. Ne2 Nge7 8. Nxe7 Bxe7 9. d3 0-0 10. 0-0 Bd6 11. Bf4 Re8 12. Bxd6 Qxd6 13. h3 Qh6 14. Nf4 Bd7 15. a3 Rad8 16. Qd2 Ne5 17. Rad1 g5 18. Nd5 Bxh3 19. Bxh3 Nf3+ 20. Kg2 Nxd2 21. Rxd2 Rxd5 0-1